000 01237nam a2200325 i 4500
003 EG-GICUC
005 20260416132127.0
008 260416s1999 be ||||fr|||| 00| 0 fre d
020 _a280271242-X
040 _aEG-GiCUC
_bfre
_cEG-GiCUC
_dEG-GiCUC
_eRda
082 0 4 _221
_a341.48
_bBE . P
092 0 4 _221
099 _aLaw1 11 341.48 BE . P 1999
100 1 _aBerger, Vincent
_eAuteur
245 1 3 _aLa Procédure Devant La Nouvelle Cour Européenne Des Droits De L'homme Après Le Protocole N° 11 :
_bActes Du Séminaire Organisé À Bruxelles Le 9 Octobre 1998, Par Les Instituts Des Droits De L'homme Des Barreaux De Paris Et De Bruxelles /
_cVincent Berger, Jean-nicolas Clément.
_n
264 1 _aBruxelles :
_bBruylant,
_c1999.
300 _a193page :
_billustration ;
_c 24 cm.
336 _2rda contenu
_a texte
337 _2rda medias
_aOrdinateur
338 _2 transporteur rda
_a Ressource en ligne
490 _aDroit Et Justice
504 _a
546 _aTexte en français
650 1 4 _aDroit international public
_2
651 1 _2
700 1 _aClément, Jean-nicolas
_eCo-Auteur
856 4 0 _uhttps://fll.law.cu.edu.eg/fulltext/bks/B11-09215.pdf
905 _a50
942 _2ddc
_cBK
_e21
_n0
999 _c71416
_d71416